000 00947nam0a22002531 4500
001 rc\4960751
005 20250612214321.0
021 _aRU
_b[64-43105]
035 _a(NLR Aleph) 008862292
090 _a8468899
_c8468899
100 _a20130426d1964 |||y0rusy50 ca
101 0 _arus
102 _aRU
105 _aa z |||||
200 1 _aРасскажи мне что-нибудь
_eПесенки, сказочки, загадки народов Дагестана в переводе Н. Гребнева
_e[Для дошкольного и мл. школьного возраста
_fИл.: А. Эмирбеков]
210 _aМахачкала
_cДагучпедгиз
_d1964
215 _a84 с.
_cил.
_d21
702 1 _aГребнев
_bН.И.
_gНаум Исаевич
_4730
702 1 _aЭмирбеков
_bА.
_4440
801 0 _aRU
_bNLR
_gpsbo
801 1 _aRU
_bELAR
_2rusmarc
852 _aNLR
_j64-6/6007
942 _cBOOK
980 _aNB